=LDR 00000nam 2200000 4500 =001 INLIS000000000025106 =005 20130612123635 =008 ***********************************Ind** =035 ##$$0010-061300000025106 =041 ##$$a Ind =082 ##$$a 959.8 =090 ##$$a 959.8, Pou p =100 ##$$a Pour, Julius =245 ##$$a Pengalaman dan kesaksian sejak proklamasi sampai orde baru, Julius Pour =260 ##$$a 1995 $b Jakarta =300 ##$$a xi, 258 hlm, ilus, 22 cm =650 ##$$a Sejarah Indonesia =850 ##$$a NBPNMAT